| 000 | 00471nam a2200133 a 4500 | ||
|---|---|---|---|
| 001 | 000029659 | ||
| 005 | 20200930055717.0 | ||
| 008 | 110419s19uu dr a r 000 0 spa d | ||
| 040 |
_aDO-SdBNP _bspa _cBNPHU |
||
| 082 |
_axxx _bB846 |
||
| 245 | 0 | 0 | _aBreve historia de una corporación que nació pequeña, allá por el año 1954 y que ha crecido ligada al progreso dominicano. |
| 260 |
_aSanto Domingo : _bEmpresas Álvarez Rivas, _c[19--?]. |
||
| 300 |
_a8 p. : _bil. ; _c29 cm. |
||
| 999 |
_c29151 _d29151 |
||